[Event "Titled Tuesday intern op 06th Feb Early"]
[Site "Chess.com INT"]
[Date "2024.02.06"]
[Round "1"]
[White "Hernandez Santos, David Alejandro"]
[Black "Carnicelli, Valerio"]
[Result "0-1"]
[WhiteElo "1430"]
[BlackElo "2427"]
[PlyCount "66"]
[EventDate "2024.02.06"]
[EventType "swiss (blitz)"]
[EventRounds "11"]
[EventCountry "USA"]
[SourceTitle "CBM 218 Extra"]
[Source "ChessBase"]
[SourceDate "2024.03.31"]
[SourceVersion "1"]
[SourceVersionDate "2024.03.31"]
[SourceQuality "1"]

1. d4 Nf6 2. Nc3 e6 3. Bf4 d5 4. Nb5 Na6 5. e3 Be7 6. Nf3 0-0 7. Bd3 Ne4 8. Nd2 c6 9. Nc3 f5 10. Bxa6 bxa6 11. Ne2 a5 12. f3 Nf6 13. 0-0 Ba6 14. Re1 c5 15. c3 Qb6 16. Rb1 Bd3 17. Ra1 c4 18. b3 Ba3 19. Nc1 Bb2 20. Nxd3 cxd3 21. Rb1 Bxc3 22. Rf1 Rfc8 23. a3 Rc6 24. Rf2 Rac8 25. b4 axb4 26. axb4 Bxb4 27. Qb3 Rc1+ 28. Nf1 d2 29. Rxd2 Bxd2 30. Qxb6 axb6 31. Rxb6 Nh5 32. Be5 Bxe3+ 33. Kh1 Rxf1# 0-1

[Event "Titled Tuesday intern op 06th Feb Early"]
[Site "Chess.com INT"]
[Date "2024.02.06"]
[Round "3"]
[White "Shubhi, Gupta"]
[Black "Hernandez Santos, David Alejandro"]
[Result "1-0"]
[WhiteElo "1929"]
[BlackElo "1430"]
[PlyCount "63"]
[EventDate "2024.02.06"]
[EventType "swiss (blitz)"]
[EventRounds "11"]
[EventCountry "USA"]
[SourceTitle "CBM 218 Extra"]
[Source "ChessBase"]
[SourceDate "2024.03.31"]
[SourceVersion "1"]
[SourceVersionDate "2024.03.31"]
[SourceQuality "1"]

1. d4 e6 2. e4 d5 3. Nc3 Nf6 4. Bg5 dxe4 5. Nxe4 Be7 6. Bxf6 Bxf6 7. Nf3 0-0 8. c3 Be7 9. Bd3 Nd7 10. Qe2 Nf6 11. 0-0-0 c6 12. h4 Qa5 13. Kb1 b5 14. Nxf6+ Bxf6 15. Bxh7+ Kxh7 16. Ng5+ Bxg5 17. hxg5+ Kg6 18. Qh5+ Kf5 19. Qh7+ g6 20. Qg7 Kxg5 21. Qxf8 b4 22. Qe7+ f6 23. Qh7 Qf5+ 24. Ka1 Qg4 25. Qh6+ Kf5 26. g3 c5 27. dxc5 Bb7 28. Rhe1 Be4 29. Qe3 Bd5 30. Rd4 Qf3 31. Rf4+ Qxf4 32. Qxf4# 1-0

[Event "Titled Tuesday intern op 16th Jan Early"]
[Site "Chess.com INT"]
[Date "2024.01.16"]
[Round "4"]
[White "Hernandez Santos, David Alejandro"]
[Black "Jovic, Stanoje"]
[Result "0-1"]
[WhiteElo "1430"]
[BlackElo "2097"]
[PlyCount "44"]
[EventDate "2024.01.16"]
[EventType "swiss (blitz)"]
[EventRounds "11"]
[EventCountry "USA"]
[SourceTitle "CBM 218 Extra"]
[Source "ChessBase"]
[SourceDate "2024.03.31"]
[SourceVersion "1"]
[SourceVersionDate "2024.03.31"]
[SourceQuality "1"]

1. d4 Nf6 2. c4 e6 3. Nc3 Bb4 4. a3 Bxc3+ 5. bxc3 0-0 6. f3 c5 7. e4 d5 8. cxd5 exd5 9. e5 Nfd7 10. Bd3 Nc6 11. Ne2 f6 12. e6 Ndb8 13. dxc5 Bxe6 14. 0-0 Nd7 15. Be3 Nce5 16. Nf4 Bf7 17. Bc2 Rc8 18. Nxd5 Nxc5 19. Nf4 Qc7 20. Qd4 Rfd8 21. Qb4 Na6 22. Qb5 Qxc3 0-1

[Event "Titled Tuesday intern op 16th Jan Early"]
[Site "Chess.com INT"]
[Date "2024.01.16"]
[Round "8"]
[White "Hernandez Santos, David Alejandro"]
[Black "Rios Escobar, Adan"]
[Result "0-1"]
[WhiteElo "1430"]
[BlackElo "2234"]
[PlyCount "30"]
[EventDate "2024.01.16"]
[EventType "swiss (blitz)"]
[EventRounds "11"]
[EventCountry "USA"]
[SourceTitle "CBM 218 Extra"]
[Source "ChessBase"]
[SourceDate "2024.03.31"]
[SourceVersion "1"]
[SourceVersionDate "2024.03.31"]
[SourceQuality "1"]

1. d4 Nf6 2. Nc3 d5 3. Bf4 g6 4. e3 Bg7 5. h4 h5 6. Nf3 0-0 7. Qd2 c5 8. dxc5 Qa5 9. Be5 Nbd7 10. Bd4 Nxc5 11. Bxc5 Qxc5 12. Bd3 Ne4 13. Nxe4 dxe4 14. Bxe4 Bxb2 15. Rb1 Bc3 0-1

[Event "Titled Tuesday intern op 16th Jan Early"]
[Site "Chess.com INT"]
[Date "2024.01.16"]
[Round "6"]
[White "Samaganova, Alexandra"]
[Black "Hernandez Santos, David Alejandro"]
[Result "0-1"]
[WhiteElo "1884"]
[BlackElo "1430"]
[PlyCount "130"]
[EventDate "2024.01.16"]
[EventType "swiss (blitz)"]
[EventRounds "11"]
[EventCountry "USA"]
[SourceTitle "CBM 218 Extra"]
[Source "ChessBase"]
[SourceDate "2024.03.31"]
[SourceVersion "1"]
[SourceVersionDate "2024.03.31"]
[SourceQuality "1"]

1. c4 e6 2. Nc3 Nf6 3. e4 d5 4. e5 Nfd7 5. Nf3 d4 6. Nxd4 Nxe5 7. Nf3 Nxf3+ 8. Qxf3 Nc6 9. d3 g6 10. Be3 Nd4 11. Qd1 Bg7 12. Rb1 0-0 13. Be2 Bd7 14. 0-0 c5 15. Ne4 b6 16. Qd2 Bc6 17. Ng3 e5 18. Bd1 f5 19. Bg5 Qd7 20. f4 h6 21. Bh4 e4 22. dxe4 Nf3+ 23. Bxf3 Qxd2 24. exf5 Bxf3 25. Rxf3 gxf5 26. Rbf1 Bd4+ 27. Kh1 Qxb2 28. Nh5 Qxa2 29. Rg3+ Kh8 30. Be7 Rg8 31. Bd6 Qxc4 32. Be5+ Bxe5 33. Re1 Bxf4 34. Rf3 Bg5 35. Ref1 f4 36. h4 Qxf1+ 37. Rxf1 a5 38. hxg5 hxg5 39. Nf6 Rg6 40. Kg1 a4 41. Kf2 a3 42. Rh1+ Kg7 43. Ng4 a2 44. Ne5 Rh6 45. Rd1 a1Q 46. Rd7+ Kf6 47. Ng4+ Ke6 48. Rd2 Rh4 49. Re2+ Kf5 50. Ne5 Ra2 51. Nd7 Rxe2+ 52. Kxe2 Qb2+ 53. Kd3 c4+ 54. Kxc4 Ke6 55. Nf8+ Kf7 56. Nd7 f3+ 57. Kd5 Rd4+ 58. Kc6 Rxd7 59. Kxd7 b5 60. Kc7 b4 61. gxf3 b3 62. f4 Qc3+ 63. Kb7 b2 64. fxg5 b1Q+ 65. Ka7 Qca1# 0-1

[Event "Titled Tuesday intern op 09th Jan Early"]
[Site "Chess.com INT"]
[Date "2024.01.09"]
[Round "3"]
[White "Hernandez Santos, David Alejandro"]
[Black "Nord, Alexander"]
[Result "0-1"]
[WhiteElo "1430"]
[BlackElo "2209"]
[PlyCount "60"]
[EventDate "2024.01.09"]
[EventType "swiss (blitz)"]
[EventRounds "11"]
[EventCountry "USA"]
[SourceTitle "CBM 218 Extra"]
[Source "ChessBase"]
[SourceDate "2024.03.31"]
[SourceVersion "1"]
[SourceVersionDate "2024.03.31"]
[SourceQuality "1"]

1. d4 Nf6 2. Nc3 d5 3. Bf4 e6 4. Nb5 Na6 5. e3 Be7 6. Nf3 0-0 7. a3 c6 8. Nc3 c5 9. Bxa6 bxa6 10. 0-0 a5 11. Ne5 Qb6 12. Rb1 Ba6 13. Re1 Rfc8 14. dxc5 Qxc5 15. Nd3 Qb6 16. Qd2 Ne4 17. Nxe4 dxe4 18. Nc1 Rd8 19. Qc3 Rac8 20. Qb3 Qc6 21. h4 Qxc2 22. Qxc2 Rxc2 23. Be5 Bxh4 24. g3 Bf6 25. Bxf6 gxf6 26. b3 Rdd2 27. Rf1 Bxf1 28. Kxf1 Rxf2+ 29. Ke1 Rh2 30. Kd1 Rcg2 0-1